Le classement final de la premier league (saison 2023-2024) - Statistiques

Statistiques générales
  • Ce quiz a été pris 85 fois
  • Le résultat moyen est 15 sur 20
Statistiques - réponses
Classement
Nombre
de points
Équipe % Correct
3 82 Liverpool
100%
1 91 Manchester City
100%
2 89 Arsenal
99%
8 60 Manchester United
99%
6 63 Chelsea
96%
4 68 Aston Villa
93%
5 66 Tottenham
90%
15 40 Everton
79%
7 60 Newcastle
78%
11 48 Brighton
71%
9 52 West Ham
70%
18 26 Luton Town
66%
10 49 Crystal Palace
59%
14 46 Wolves
58%
13 47 Fulham
56%
19 24 Burnley
52%
12 48 Bournemouth
49%
20 16 Sheffield United
49%
16 39 Brentford
44%
17 32 Nottingham Forest
44%
Aucun quiz correspondant
Distribution des résultats
% des personnes avec chaque résultat
Percentile par nombre de réponses
Votre historique - résultats
Vous n’avez pas pris ce quiz